[Event "Calvi Balagne op 08th"]
[Site "Calvi"]
[Date "2011.04.28"]
[Round "4"]
[White "Richter, Michael"]
[Black "Edouard, Romain"]
[Result "1/2-1/2"]
[WhiteElo "2486"]
[BlackElo "2600"]
[Annotator "Edouard,R"]
[PlyCount "157"]
[EventDate "2011.04.26"]
[EventType "swiss"]
[EventRounds "8"]
[EventCountry "FRA"]
[SourceTitle "CBM 142"]
[Source "ChessBase"]
[SourceDate "2011.05.17"]
[SourceVersion "1"]
[SourceVersionDate "2011.05.17"]
[SourceQuality "1"]

{This was my fourth game in the excellently organized Calvi Open.} 1. d4 Nf6 2.
Nf3 g6 3. Nbd2 {Whoa! It already looks like the game will be a bit boring :)
This setup is a typical one for getting a drawish position.} Bg7 (3... d5 4. e3
{followed by b4, c4, Be2, and Black will never have anything better than
playing ...b6 and ...c5 at some point, kind of exchanging all pieces.}) 4. e4
d6 5. Bd3 O-O 6. O-O c5 {The best setup for Black to play for a win. However,
after 7.c3, I just could not find a decent way not to get a totally drawish
position. But I had missed the 9...d5!? 10.e5 Nh5!? idea quoted below.} 7. c3
Nh5 $6 {Ok, just for fun - but it is just too much. My idea is to take on d4
and play ...Nc6-b4 like in the game. But the knight on h5 is just too bad.} (
7... cxd4 8. cxd4 Nc6 9. a3 $1 (9. h3 e5 10. d5 Nb4 11. Bb1 a5 {is just very
fine and easy to play for Black (,...Bd7, ...Rc8, ...Na6, ...Nc5, ...b5...).})
9... d5 $5 10. e5 Nh5 $1 {with ...f6 at some point, and a totally unclear
position.}) 8. Re1 $5 (8. d5 $5 {was also a bit annoying here. But my aim was
to reach this kind of positions (maybe a dubious aim by the way).}) 8... cxd4
9. cxd4 Nc6 10. d5 Nb4 11. Bf1 a5 (11... Qc7 $6 12. Nc4 Bg4 13. Bd2 (13. Ne3
$14) 13... Bxf3 14. gxf3 Na6 15. Rc1 $14) 12. a3 $6 (12. h3 Nf6 13. Nc4 {
was simply a bit better for White. I believe there was no reason to play a3,
as it just helps Black.}) 12... Na6 13. Rb1 Nc5 $6 {I saw the move 14.Nb3
right after playing. Of course now I have to pra that I can equalise at some
point!} (13... e6 $6 14. dxe6 Bxe6 15. Nc4 $14) (13... Bd7 {was the most solid
(and best) option:} 14. b4 axb4 15. axb4 Qc7 {and Black is close to equality...
}) 14. Nb3 Nxb3 15. Qxb3 a4 16. Qb4 Nf6 $5 (16... Qa5 17. Qxa5 Rxa5 18. Bg5 Nf6
19. Nd2 $14) 17. Bd2 (17. Be3 Qa5 18. Qxa5 Rxa5 19. Nd2 Ra8 {followed by ...
Nd7, and White is very slightly better, but nothing special in my opinion.} (
19... b5 $6 20. f3 Bd7 21. Rec1 Raa8 22. Rc7 $14)) 17... Nd7 18. Bb5 $6 (18.
Be3 Qa5 {is close to equality.}) (18. Rbc1 Nc5 19. Bc3 $14 {was the simplest 
(and best) way to play for White. Black is going to suffer here.}) 18... Nc5
19. Be3 Qa5 $1 {Thanks to this small piece of tactics, Black will be fine.} 20.
Bg5 (20. Bxc5 dxc5 21. Qc4 (21. Qxc5 $4 Bd7 $19) 21... Bg4 {is just easier for
Black.}) 20... f6 21. Bd2 Qxb4 22. axb4 (22. Bxb4 Bd7 $11) 22... Bd7 $1 {
This move solves all the problems.} (22... Nb3 23. Bc3 {and Black still
suffers a little bit due to the very annoying bishop on b5.}) 23. Nd4 (23. bxc5
Bxb5 24. Rbc1 (24. Nd4 $6 Bd3 25. Rbc1 f5 $17) 24... f5 $36) (23. Bxd7 $6 Nxd7
24. Nd4 Rfc8 $15) 23... Bxb5 24. Nxb5 Nb3 25. Bc3 Bh6 26. Rbd1 Rfc8 27. g3 Ra6
{I couldn't find any idea to improve my position, so I decided to set a small
trap. Oops, it worked!} 28. Kg2 $2 (28. f4 $1 {was just OK for White, as both
28...g5 and 28...a3 are not working. However, my opponent lacked time, so I
believed I had good chances that he wouldn't play that move (ok, it is not a
very serious way to think, but sometimes it works!).} g5 $2 (28... a3 $2 29.
bxa3 Rb6 30. Rb1 $16) 29. e5 $16) (28. Na3 {would let me play} Rxc3 29. bxc3
Bd2 {but once again, after} 30. Rxd2 Nxd2 31. Re2 $1 {the position is just
equal.}) 28... a3 $1 {Now my opponent has to play a completely double edged
position with only 30 seconds on the clock per move.} 29. bxa3 (29. Nxa3 Rxa3
30. bxa3 Rxc3 $17) 29... Rb6 30. Rb1 Nc1 31. f4 $6 (31. a4 $1 {was best:} Rxb5
32. Ba1 $3 {Of course I had missed this move.} (32. Bd4 Bd2 33. Rexc1 Rxc1 34.
Rxc1 Rxb4 $17) 32... Bd2 $5 (32... Rb6 33. b5 $132) 33. Rexc1 Rxc1 34. Rxc1
Rxb4 35. Rd1 Rxa4 36. Rxd2 Rxa1 37. Rb2 {and somehow White should hold a draw,
though there's nothing easy yet.}) (31. Bb2 Nd3 32. Nd4 Nxe1+ 33. Rxe1 Rc4 $15)
31... Na2 32. Bd4 (32. a4 Rxb5 (32... Nxc3 33. Rbc1 Kf7 34. h4 Bg7 35. Nxc3
Rxb4 36. Nb5 Rcc4 37. Rxc4 Rxc4 $15) 33. axb5 Rxc3 34. Ra1 Rc2+ 35. Kf3 Nxb4
36. Rec1 Rb2 37. Ra7 Kf7 38. Rxb7 f5 39. Rcc7 Bf8 $17) 32... Rc2+ $2 {Huge
mistake! But I had not even imagined it could be refuted.} (32... Rxb5 {
was necessary:} 33. Rb2 Rc4 34. Rd1 Nxb4 35. Rxb4 Rcxb4 36. axb4 Rxb4 $17) 33.
Kf3 $2 (33. Re2 $3 {This move would have been a very bad surprise!} Rxe2+ 34.
Kf3 Rxb5 35. Kxe2 f5 36. Kd3 {White wants to go Kxc4!} Bg7 37. Bxg7 Kxg7 38.
Kc4 fxe4 39. Re1 Rb6 40. Rxe4 Ra6 (40... Kf7 41. Re2 Nc1 42. Rc2 Ra6 43. Rxc1
Rxa3 44. Kb5 $14) 41. Rxe7+ Kf8 42. Rxh7 Rxa3 43. Rxb7 Rc3+ 44. Kd4 Rb3 {
and Black should kind of hold a draw...}) 33... Rxb5 34. Ke3 (34. Re2 Nc3 35.
Rxc2 Nxb1 36. Bb2 Bg7 $19 {followed by ...f5.}) 34... Nxb4 $4 {A horrible
desperate move. I thought very long about the winning move 34...f5, but for
some crazy reason by brain rejected any rook-move on the c-file!} (34... f5 $1
35. Kd3 (35. Rb2 Rxb2 36. Bxb2 fxe4 37. Kxe4 Nxb4 $19) 35... Rc7 $1 {just
wins! White will just lose something anyhow.}) 35. axb4 {The move I was
expecting: played instantly by opponent. However, it is simply a draw.} (35.
Rxb4 Rxb4 (35... Ra5 36. Ra1 $11) 36. axb4 Rxh2 37. Rc1 $1 {is just OK for
White. Let's say it's a draw but I think I would even prefer to play with
White (the b-pawn might quickly become very dangerous).}) 35... Rc4 36. Rec1 $6
{Now I get some small chances.} (36. Kd3 Rcxb4 37. Rxb4 Rxb4 38. Kc3 Ra4 (38...
Rb5 39. Kc4 Ra5 40. Rb1 $11) 39. Rb1 $11) 36... Rxc1 37. Rxc1 Rxb4 38. Rc7 Kf8
39. Kd3 Rb1 40. h4 (40. Rc8+ Kf7 41. Rh8 Bg7 42. Rxh7 Kg8 43. Rh3 Rd1+ 44. Kc3
f5 $15) 40... b5 41. Rb7 {Now White will threaten to play e5 at some point.
However, I completely underestimated it (maybe too much confidence due to my
large amount of extra time on the clock) and didn't care enough. Eventually I
was right, as my opponent never played e5!} b4 (41... Bg7 {was necessary. But
the position should be a draw.}) 42. Kc2 {Now my opponent started playing 3-4
moves in a row with 0,1sec on clock. I just couldn't believe my eyes. I could
see the clock going going "4-3-2-1" without any reaction of my opponent, and
suddenly 31 seconds appearing again. My opponent was kind of not looking at
the clock while playing his moves, so I was wondering if he was bullet world
champion or if I was just a bit unlucky!! To be honest, I think the first
option is the most likely though "world champion" could be a bit too much :-)}
(42. e5 $1 Rd1+ 43. Kc4 fxe5 44. fxe5 Rc1+ 45. Kd3 dxe5 46. Bxe5 {is just a
draw. Black cannot hold everything.}) 42... Re1 43. Kd3 Rh1 44. Bf2 $6 (44. Ke2
$1 Rb1 45. e5 $1 {is also a draw.}) 44... Rb1 45. Be3 (45. e5 $1 {was a draw
again, but a bit tougher to play, this time:} Rd1+ 46. Kc2 (46. Kc4 Rc1+ 47.
Kd3 Rc3+ $17) 46... Rxd5 47. exf6 exf6 48. Be1 $1 $11) 45... Rb2 46. g4 Rh2 47.
g5 Bg7 48. Rxb4 Rxh4 49. Rb8+ Kf7 50. Rb7 {Finally, I took a pawn! But it
looks like I just cannot avoid a rook endgame. Playing ...h6 right now would
be a huge mistake, and I have no time to recycle my rook because of Bd4!
followed by some gxf6-e5 tricks!} fxg5 (50... h6 $4 51. gxf6 Bxf6 52. e5 {
seems winning for... White! The move d6 is coming!}) 51. fxg5 Be5 (51... h6 {
is quicker, but I was trying to make the position a bit messy.}) 52. Rb1 Rh2
53. Rf1+ Ke8 54. Rb1 Bg7 55. Rb8+ Kf7 56. Rb1 h5 57. gxh6 Bxh6 58. Bxh6 (58.
Rf1+ Kg8 {doesn't change much, though keeping bishops might also hold.}) 58...
Rxh6 59. Rf1+ Kg7 60. Ke3 Rh3+ 61. Kf4 Rh4+ 62. Ke3 (62. Kf3 Kf6 63. Kg3+ Kg5
64. Re1 Rf4 65. Re2 Rf1 $1 {with the idea of ...Kf6-...Ke5 at some point.
However, even there, after} 66. Rh2 $1 {followed by Rh7, I'm not sure Black
wins!}) 62... g5 $2 {I had realised the position was a draw, but taking in
account my opponent's huge time trouble, I thought I have decent chances to
win. After my 62nd move, those chances died!} (62... Rh3+ 63. Kf4 Ra3 64. Kg4
Ra4 65. Rf4 ({Even} 65. Kf3 Kf6 66. Kf4 g5+ 67. Ke3+ Kg6 68. Rf8 {may be a
draw.}) 65... Rb4 66. Kg5 {and I don't see a good way to improve for Black!})
63. e5 $1 Kg6 (63... dxe5 64. Rf5 Kg6 65. Rxe5 Rh7 66. Kf3 $11) 64. exd6 exd6
65. Rf8 Ra4 66. Rd8 Ra6 67. Ke4 $1 {The final blow. Now Black has 0 winning
chance.} Ra4+ (67... g4 68. Kf4 g3 69. Rg8+ Kf6 70. Rf8+ Kg7 71. Rf5 $11) (
67... Kh5 68. Kf5 $11) 68. Ke3 Ra6 69. Ke4 Kf6 70. Rf8+ Ke7 71. Rg8 Kf6 72.
Rf8+ Ke7 73. Rg8 Ra4+ 74. Kf5 Rd4 75. Rg7+ Kf8 76. Rxg5 Rxd5+ 77. Kf6 Re5 78.
Rxe5 dxe5 79. Kxe5 1/2-1/2

[Event "Moscow Petrosian Memorial"]
[Site "Moscow"]
[Date "1995.??.??"]
[Round "8"]
[White "Najer, Evgeniy"]
[Black "Iordachescu, Viorel"]
[Result "1-0"]
[WhiteElo "2455"]
[BlackElo "2425"]
[Annotator "Endgame-CD"]
[PlyCount "101"]
[EventDate "1995.??.??"]
[EventType "tourn"]
[EventRounds "11"]
[EventCountry "RUS"]
[EventCategory "10"]
[SourceTitle "CBM 046"]
[Source "ChessBase"]
[SourceDate "1995.06.01"]
[SourceVersion "1"]
[SourceVersionDate "1995.06.01"]
[SourceQuality "1"]

1. d4 Nf6 2. g3 g6 3. Bg2 Bg7 4. e4 d6 5. Ne2 O-O 6. O-O e5 7. h3 Re8 8. Nbc3
Nbd7 9. Be3 c6 10. a4 Qc7 11. g4 b6 12. f4 Ba6 13. dxe5 dxe5 14. f5 Rad8 15.
Qe1 h6 16. Bf3 Nc5 17. a5 Qb7 18. Rf2 Bxe2 19. Qxe2 Rd4 20. axb6 axb6 21. Rg2
Rb4 22. g5 hxg5 23. Bxg5 Rxb2 24. Qc4 Qe7 25. fxg6 Ne6 26. Bxf6 Qxf6 27. Rf1
Nf4 28. gxf7+ Qxf7 29. Qxf7+ Kxf7 30. Bh5+ Kg8 31. Nd1 Nxh5 32. Nxb2 Nf4 33.
Rh2 Bh6 34. Nc4 Bf8 35. Nxe5 Nxh3+ 36. Rxh3 Rxe5 37. Rg3+ Bg7 38. Rf6 Rxe4 39.
Rxc6 Re7 40. Rxb6 Rc7 41. c4 Kf7 42. Rg4 Be5 43. Kg2 Ke8 44. Re4 Re7 45. Rb5
Bc7 46. Kf3 Rxe4 47. Kxe4 Kd7 48. Kd5 Bg3 49. Rb7+ Bc7 50. Rxc7+ (50. Ra7 Kc8
51. Kc6 {gewinnt auch sehr leicht, indem Schwarz in Zugzwang gesetzt wird. and
Black is in Zugzvang. White wins easily.}) 50... Kxc7 51. Kc5 1-0

[Event "Mulhouse GM"]
[Site "Mulhouse"]
[Date "2004.07.04"]
[Round "5"]
[White "Goloshchapov, Alexander"]
[Black "Bricard, Emmanuel"]
[Result "1-0"]
[WhiteElo "2569"]
[BlackElo "2450"]
[Annotator "Erenburg,S"]
[PlyCount "81"]
[EventDate "2004.06.30"]
[EventType "tourn"]
[EventRounds "9"]
[EventCountry "FRA"]
[EventCategory "9"]
[SourceTitle "CBM 103"]
[Source "ChessBase"]
[SourceDate "2004.11.11"]
[SourceVersion "1"]
[SourceVersionDate "2004.11.11"]
[SourceQuality "1"]

1. e4 d6 2. d4 g6 3. Nc3 c6 4. Be3 Nf6 5. h3 {I recommend you to take a look
at my opening database in CBM 93 about this variation.} Nbd7 {Other
possibilities are:} (5... b5 $2 6. e5 $1 {1-0 Kurnosov,I-Gagunashvili,M/
Groningen 2003/CBM 99/[Erenburg] (32)}) (5... Bg7 6. f4 (6. Qd2 O-O 7. Nf3 Nbd7
(7... b5 {1-0 Akopian,V-Nikolic,P/Halkidiki 2002/CBM 92/[Erenburg] (47)}) 8.
Bd3 {0-1 Zhang Pengxiang-Gagunashvili,M/Bled 2002/[Erenburg] (40)}) 6... O-O (
6... Qb6 {1/2-1/2 Sveshnikov,E-Beliavsky,A/Bled 1998/[Erenburg] (27)}) (6...
Qa5 {1/2-1/2 Jansa,V-Ibragimov,I/Germany 2001/[Erenburg] (65)}) (6... Nh5 $6
$146 {1-0 Sokolov,A-Chabanon,J/Torcy 1991/[Erenburg] (38)}) (6... Nbd7 {
1/2-1/2 Pavasovic,D-Volokitin,A/Portoroz 2001/[Erenburg] (84)}) 7. Nf3 (7. Qf3
$5 {1/2-1/2 Sveshnikov,E-Ponomariov,R/Bled 1999/[Erenburg] (52)}) 7... Nbd7 (
7... c5 $6 {1/2-1/2 Erenburg,S-Smirin,I/TCh-ISR, ISR 2002/[Erenburg] (97).}) (
7... Na6 $5 {1-0 Erenburg,S-Zubov,A/Nakhchivan 2003/CBM 96/[Erenburg] (37)}) 8.
e5 {0-1 Sveshnikov,E-Ibragimov,I/Bled 1996/[Erenburg] (46)}) (5... Qb6 $5 6.
Qd2 $146 {1-0 Alekseev,E-Kozakov,M/Halkidiki 2002/CBM 92_01/[Erenburg] (47)} (
6. Qc1 {0-1 Alekseev,E-Ponomariov,R/Artek 1999/[Erenburg] (50)})) 6. a4 {
preventing b7-b5.} (6. f4 e5 {Black has other possibilities:} (6... Qa5 {
1/2-1/2 Sveshnikov,E-Beliavsky,A/Bled 2001/[Erenburg] (41)}) (6... b5 7. a3 $5
{[%cal Ge4e5]} (7. Bd3 {1-0 Reefat,B-Marin,M/Bled 2002/[Erenburg] (22)}) 7...
Nb6 (7... a6 $146 {1-0 Fogarasi,T-Beliavsky,A/HUN 2000/[Erenburg] (43)}) 8. Nf3
{1/2-1/2 Sveshnikov,E-Smirin,I/Vienna 1996/[Erenburg] (37)}) 7. Qf3 {1-0
Sveshnikov,E-Komljenovic,D/Torcy 1991/[Erenburg] (50)}) (6. Nf3 $5 {1-0
Morozevich,A-Gurevich,M/Sarajevo 2000/[Erenburg] (27)}) 6... b6 {Black solves
the problem of developing light-squared bishop, fianchetting it on b7.} 7. g4
$146 {increasing space advantage, as well as locating the light-squared bishop
on a long diagonal. This position appeared for the first time. In preceding
game white played} (7. Nf3 Qc7 8. Qd2 Bg7 9. Be2 O-O 10. O-O a6 11. Rfe1 Bb7
12. Bf1 e5 13. dxe5 dxe5 14. Rad1 Rfe8 15. Bg5 b5 16. Qd6 Qc8 17. Nd2 Bf8 18.
Qd3 Nc5 19. Qf3 $14 {1/2-1/2 Russek Libni,G-Ardaman,M/Saint John 1988/CBM 06 
(70)}) 7... Bb7 8. Bg2 a6 {Black doesn't hurry to play Bg7, keeping the option
of e7-e5... With last move black adds the option of b6-b5.} 9. Nge2 e6 {
building flexible pawn structure.} 10. O-O Bg7 11. f4 {Space advantage
promises white better chances.} Qc7 ({Black doesn't castle, as white can
manage very dangerous attack, pushing forward kingside pawns.} 11... O-O 12. e5
$36) 12. e5 {White's pieces are located very well, he has a space and
development advantages, therefore, the aggressive actions seems very logical.}
Nd5 13. Bf2 {Now white threats with f4-f5, as well as he intends to occupy
excelent square e4 by the knight.} f5 14. Nxd5 cxd5 15. Bh4 {Now white's
dark-squared bishop doesn't need to cover the e3 square, so it prevents from
black the castles to both sides.} Nb8 {Black improves the position of the
knight, transfering it to c6.} (15... O-O {is met by} 16. Be7) (15... Rc8 16.
gxf5 gxf5 17. Ng3 {and white's initiative on the kingside is dangerous.}) 16.
gxf5 {In this way, white is getting the h5 square for the knight.} gxf5 17. Ng3
Nc6 18. Nh5 Rg8 19. Ra3 $1 {getting the queenside rook into the game.} Qf7 20.
Rb3 b5 21. Kh1 {Prophylactic move.} ({White cannot win the pawn} 21. axb5 {
in view of} axb5 22. Rxb5 Ba6) 21... b4 22. a5 $1 {preventing from black a6-a5.
} Kd7 {Black has to solve somehow the problem of his monarch, so he locates it
in the centre.} 23. c3 Nxa5 ({In case of} 23... Rab8 24. cxb4 Nxd4 25. Nxg7
Nxb3 26. Nh5 $16 {black's knight is going to be captured...}) 24. Rxb4 Kc7 25.
Bf3 Bc6 26. Nf6 $2 {I'm not sure white needs to change his knight for a
passive black's dark-squared bishop.} ({Deserved attention logical} 26. Rg1 $5
$14 {and black remains with unuseful dark-squared bishop.}) 26... Bxf6 27. Bxf6
Nc4 $13 {Suddenly, black doesn't have so much bad pieces on the board. His
king is quite safe, so the position becomes unclear...} 28. Qe2 Rg3 29. Kh2
Rag8 30. Bh4 {trying to drive away the rook from active position.} ({
Interesting alternative was} 30. Ra1 Qg6 (30... a5 31. Rxc4 dxc4 32. Bxc6 Kxc6
33. Qxc4+ $18) 31. Bg5 Rxf3 32. Qxf3 a5 33. exd6+ Kxd6 34. Rxc4 dxc4 $13) 30...
Qg6 ({In case of} 30... Rxf3 31. Rxf3 a5 {white has some tactical resources:}
32. Rb3 $1 (32. Rxc4 dxc4 33. Qxc4 Qh5 $19) 32... Ba4 33. Ra3 $1 Nxa3 34. Qa6
$1 $16) 31. Rxc4 (31. Bg5 {is bad, in view of} Rxf3 $1 32. Rxf3 (32. Qxf3 a5 $1
$17 {[%cal Yc4d2]}) 32... h6 $15) 31... dxc4 32. exd6+ Kxd6 33. Bxc6 Kxc6 34.
Bg5 Rd3 (34... Rxg5 35. fxg5 Qxg5 36. Qxe6+ Kb7 37. Qd7+ Kb8 38. Qd6+ Kb7 39.
Qd5+ Kb8 40. Kh1 $14) 35. Ra1 Kb6 (35... Kb7 36. Qg2+ Kb6 37. Ra4 $1 $40 {
[%cal Ya4b4]}) 36. b3 $1 {opening the second rank for the queen.} h6 $4 {
Probably, black was in time trouble, and missed next white's move.} ({Right was
} 36... e5 $1 {opening the 6-th rank for the queen.} 37. dxe5 (37. Qa2 Ka7 $19)
(37. bxc4 e4 38. Rb1+ Ka7 39. Qb2 Qc6 $17) 37... Qc6 $1 $13) {[%tqu "En",
"Please find the best move for white.","","","e2a2","",10]} 37. Qa2 $1 {
Black doesn't have pieces around his monarch to secure it...} Rxh3+ {Other
continuations don't change the result of the game:} (37... Rd2+ 38. Qxd2 hxg5
39. Qa2 Ra8 40. Qa5+ $18) (37... Ra8 38. Qa5+ Kb7 39. Qb4+ Ka7 40. Qc5+ Kb7 41.
Ra4 $18) 38. Kxh3 Qh5+ 39. Kg2 Rxg5+ (39... Qg4+ 40. Kf2 $18) 40. fxg5 Qg4+ 41.
Kh1 {White is a rook up, black doesn't have perpetual check, therefore, black
resigned.} (41. Kh1 Qf3+ 42. Qg2 Qxc3 43. Rb1 cxb3 44. g6 $18) 1-0